[Event "Muensterland Regionalliga Gr2 2223"]
[Site "Germany"]
[Date "2022.09.24"]
[Round "2.7"]
[White "Stegemann, Norbert"]
[Black "Bergemann, Martin"]
[Result "1/2-1/2"]
[WhiteElo "1839"]
[BlackElo "1906"]
[PlyCount "36"]
[EventDate "2022.09.03"]
[EventType "team-tourn"]
[EventRounds "5"]
[EventCountry "GER"]
[SourceTitle "EXT 2024"]
[Source "ChessBase"]
[SourceDate "2023.10.10"]
[SourceVersion "1"]
[SourceVersionDate "2023.10.10"]
[SourceQuality "1"]
[WhiteTeam "Duelmen"]
[BlackTeam "Raesfeld Erle"]
[WhiteTeamCountry "GER"]
[BlackTeamCountry "GER"]

1. c4 g6 2. g3 Bg7 3. Bg2 c5 4. Nc3 Nc6 5. e3 Nh6 6. Nge2 Nf5 7. 0-0 0-0 8. b3 b6 9. Bb2 Bb7 10. d3 d6 11. Qd2 Qd7 12. Rad1 e6 13. Ne4 d5 14. Nf6+ Bxf6 15. Bxf6 Ng7 16. Bb2 f6 17. d4 dxc4 18. bxc4 cxd4 1/2-1/2

[Event "Muensterland Regionalliga Gr2 2223"]
[Site "Germany"]
[Date "2022.09.03"]
[Round "1.8"]
[White "Droste, Laurenz"]
[Black "Bergemann, Martin"]
[Result "1/2-1/2"]
[WhiteElo "1603"]
[BlackElo "1906"]
[PlyCount "24"]
[EventDate "2022.09.03"]
[EventType "team-tourn"]
[EventRounds "5"]
[EventCountry "GER"]
[SourceTitle "EXT 2024"]
[Source "ChessBase"]
[SourceDate "2023.10.10"]
[SourceVersion "1"]
[SourceVersionDate "2023.10.10"]
[SourceQuality "1"]
[WhiteTeam "Raesfeld Erle II"]
[BlackTeam "Raesfeld Erle"]
[WhiteTeamCountry "GER"]
[BlackTeamCountry "GER"]

1. e4 c5 2. b3 Nc6 3. Bb2 Nf6 4. Nc3 g6 5. Nf3 Bg7 6. d3 0-0 7. Be2 d6 8. 0-0 Bg4 9. Nd2 Bxe2 10. Nxe2 Rc8 11. Rb1 Qd7 12. f4 Ng4 1/2-1/2

[Event "Muensterland Regionalliga 1819"]
[Site "Germany"]
[Date "2019.03.23"]
[Round "8.5"]
[White "Bergemann, Martin"]
[Black "Toval, David"]
[Result "1/2-1/2"]
[WhiteElo "1926"]
[BlackElo "1840"]
[PlyCount "63"]
[EventDate "2018.09.08"]
[EventType "team-tourn"]
[EventRounds "9"]
[EventCountry "GER"]
[SourceTitle "EXT 2020"]
[Source "ChessBase"]
[SourceDate "2019.10.17"]
[SourceVersion "1"]
[SourceVersionDate "2019.10.17"]
[SourceQuality "1"]
[WhiteTeam "Raesfeld Erle"]
[BlackTeam "Muenster III"]
[WhiteTeamCountry "GER"]
[BlackTeamCountry "GER"]

1. d4 Nf6 2. Bg5 g6 3. Bxf6 exf6 4. e3 d5 5. Ne2 Bd6 6. Nd2 b6 7. g3 Bb7 8. Bg2 0-0 9. 0-0 Na6 10. c4 c6 11. cxd5 cxd5 12. Qb3 Bb4 13. Rfd1 Qd7 14. Nf4 Rfd8 15. Nf3 Bc6 16. Rdc1 Ba4 17. Qd3 Bb5 18. Qd1 Nc7 19. Qb3 a5 20. Bh3 Qe7 21. Rxc7 Qxc7 22. Nxd5 Rxd5 23. Qxd5 Bc6 24. Qc4 b5 25. Qe2 Qb7 26. Bg2 Bd5 27. a3 Bd6 28. Ne1 Rc8 29. e4 Re8 30. f3 f5 31. e5 Qb6 32. f4 1/2-1/2

[Event "Muensterland Regionalliga 1819"]
[Site "Germany"]
[Date "2018.11.10"]
[Round "3.6"]
[White "Bergemann, Martin"]
[Black "Hunhoff, Andreas"]
[Result "1/2-1/2"]
[WhiteElo "1926"]
[BlackElo "1793"]
[PlyCount "79"]
[EventDate "2018.09.08"]
[EventType "team-tourn"]
[EventRounds "9"]
[EventCountry "GER"]
[SourceTitle "EXT 2020"]
[Source "ChessBase"]
[SourceDate "2019.10.17"]
[SourceVersion "1"]
[SourceVersionDate "2019.10.17"]
[SourceQuality "1"]
[WhiteTeam "Raesfeld Erle"]
[BlackTeam "Bocholt"]
[WhiteTeamCountry "GER"]
[BlackTeamCountry "GER"]

1. d4 f5 2. Bg5 c6 3. Nc3 Qb6 4. Rb1 e6 5. e3 Be7 6. Bxe7 Nxe7 7. Bd3 d5 8. Nf3 Nd7 9. 0-0 Nf6 10. Ne5 Ng6 11. f4 Nxe5 12. fxe5 Ng4 13. Qe2 0-0 14. h3 Nh6 15. b4 Qc7 16. Qh5 Bd7 17. Ne2 Qd8 18. Nf4 Qe7 19. c4 Rac8 20. c5 Be8 21. Qd1 b5 22. a4 a6 23. axb5 axb5 24. Ra1 Bf7 25. Ra6 Qh4 26. Qe1 Qxe1 27. Rxe1 g5 28. Ne2 Bh5 29. Ra7 Bg6 30. Rea1 Rf7 31. Ra8 Rfc7 32. Nc3 f4 33. e4 Rxa8 34. Rxa8+ Kg7 35. Bb1 Nf7 36. exd5 exd5 37. Ba2 Bd3 38. Ra3 Bf5 39. Ra6 Nd8 40. Bxd5 1/2-1/2

[Event "Muensterland Regionalliga 1617"]
[Site "Germany"]
[Date "2017.03.11"]
[Round "7.6"]
[White "Teloeken, Daniel"]
[Black "Bergemann, Martin"]
[Result "1/2-1/2"]
[WhiteElo "1893"]
[BlackElo "1910"]
[PlyCount "42"]
[EventDate "2016.09.17"]
[EventType "team"]
[EventRounds "9"]
[EventCountry "GER"]
[SourceTitle "EXT 2018"]
[Source "ChessBase"]
[SourceDate "2017.10.13"]
[SourceVersion "1"]
[SourceVersionDate "2017.10.13"]
[SourceQuality "1"]
[WhiteTeam "Suedlohn"]
[BlackTeam "Raesfeld Erle"]
[WhiteTeamCountry "GER"]
[BlackTeamCountry "GER"]

1. c4 c5 2. Nc3 g6 3. g3 Bg7 4. Bg2 Nh6 5. e4 Nc6 6. Nge2 d6 7. d3 0-0 8. 0-0 Bd7 9. h3 Nd4 10. Be3 Nxe2+ 11. Nxe2 f5 12. Qd2 Nf7 13. Rac1 fxe4 14. dxe4 Ne5 15. f4 Nc6 16. Rfd1 Be6 17. g4 Qa5 18. Qxa5 Nxa5 19. b3 Rad8 20. Rd3 Nc6 21. Rf1 a6 1/2-1/2

[Event "Muensterland Regionalliga 1617"]
[Site "Germany"]
[Date "2016.09.17"]
[Round "1.7"]
[White "Freitag, Michael"]
[Black "Bergemann, Martin"]
[Result "1/2-1/2"]
[WhiteElo "1672"]
[BlackElo "1910"]
[PlyCount "64"]
[EventDate "2016.09.17"]
[EventType "team"]
[EventRounds "9"]
[EventCountry "GER"]
[SourceTitle "EXT 2018"]
[Source "ChessBase"]
[SourceDate "2017.10.13"]
[SourceVersion "1"]
[SourceVersionDate "2017.10.13"]
[SourceQuality "1"]
[WhiteTeam "Steinfurt"]
[BlackTeam "Raesfeld Erle"]
[WhiteTeamCountry "GER"]
[BlackTeamCountry "GER"]

1. d4 Nf6 2. Bf4 d6 3. Nf3 Bg4 4. Nbd2 Nbd7 5. h3 Bh5 6. e3 c6 7. Be2 h6 8. c3 g5 9. Bg3 Bg7 10. Qb3 0-0 11. 0-0 Qb6 12. Qc2 Rfe8 13. Rfe1 c5 14. Bd3 Rac8 15. Qb1 Nf8 16. a4 Bg6 17. e4 Nh5 18. Bh2 cxd4 19. a5 Qd8 20. cxd4 Nf4 21. Bb5 Nd7 22. Bxf4 gxf4 23. Qa2 a6 24. Ba4 Rf8 25. Bb3 e5 26. dxe5 dxe5 27. Bd5 Qc7 28. b4 Nf6 29. Bb3 Qe7 30. Qb2 Rfe8 31. Rad1 Kh7 32. Nh4 Rcd8 1/2-1/2

[Event "Muensterland Regionalliga 1516"]
[Site "Germany"]
[Date "2016.01.30"]
[Round "6.6"]
[White "Bergemann, Martin"]
[Black "Hemmert, Michael"]
[Result "1/2-1/2"]
[WhiteElo "1910"]
[BlackElo "1856"]
[PlyCount "43"]
[EventDate "2015.09.05"]
[EventType "team"]
[EventRounds "9"]
[EventCountry "GER"]
[SourceTitle "EXT 2017"]
[Source "ChessBase"]
[SourceDate "2016.10.25"]
[SourceVersion "1"]
[SourceVersionDate "2016.10.25"]
[SourceQuality "1"]
[WhiteTeam "Raesfeld Erle"]
[BlackTeam "Rheine Klein Berlin"]
[WhiteTeamCountry "GER"]
[BlackTeamCountry "GER"]

1. d4 f5 2. Bg5 Nf6 3. Bxf6 exf6 4. e3 d5 5. c4 Bb4+ 6. Nc3 c6 7. cxd5 Qxd5 8. Nge2 Qf7 9. a3 Bd6 10. g3 Be6 11. Bg2 Na6 12. b4 Nc7 13. 0-0 Nd5 14. Qc2 Nxc3 15. Nxc3 Rc8 16. Rfc1 0-0 17. Rab1 g5 18. a4 f4 19. Ne4 Bf5 20. Qb3 Qxb3 21. Rxb3 Bxe4 22. Bxe4 1/2-1/2

[Event "Muensterland Regionalliga 1516"]
[Site "Germany"]
[Date "2015.12.05"]
[Round "4.7"]
[White "Bergemann, Martin"]
[Black "Schlitter, Klaus"]
[Result "0-1"]
[WhiteElo "1910"]
[BlackElo "1877"]
[PlyCount "76"]
[EventDate "2015.09.05"]
[EventType "team"]
[EventRounds "9"]
[EventCountry "GER"]
[SourceTitle "EXT 2017"]
[Source "ChessBase"]
[SourceDate "2016.10.25"]
[SourceVersion "1"]
[SourceVersionDate "2016.10.25"]
[SourceQuality "1"]
[WhiteTeam "Raesfeld Erle"]
[BlackTeam "Steinfurt"]
[WhiteTeamCountry "GER"]
[BlackTeamCountry "GER"]

1. d4 Nf6 2. Nf3 e6 3. Bg5 h6 4. Bh4 b6 5. Nbd2 Bb7 6. e3 c5 7. c3 cxd4 8. exd4 Be7 9. Ne5 a6 10. Ndf3 Qc7 11. Qc2 d6 12. Nd3 Nbd7 13. Be2 b5 14. a4 0-0 15. 0-0 Rfc8 16. axb5 axb5 17. Qb3 Qc4 18. Qc2 Rxa1 19. Rxa1 Bxf3 20. Bxf3 Qxd4 21. Qe2 Qxh4 22. Nb4 Qc4 23. Qe1 Nb6 24. Ra7 Bf8 25. Be2 Qe4 26. Qf1 Nc4 27. Bd3 Qe5 28. Ra2 d5 29. Nc2 Bc5 30. h3 Ne4 31. Bxe4 Qxe4 32. b3 Nd6 33. Kh1 d4 34. f3 Qd5 35. cxd4 Bxd4 36. Qd3 Nf5 37. g4 Rc3 38. Qd1 Rxf3 0-1

[Event "Muensterland Regionalliga 1516"]
[Site "Germany"]
[Date "2015.11.14"]
[Round "3.7"]
[White "Emunds, Hans Georg"]
[Black "Bergemann, Martin"]
[Result "1/2-1/2"]
[WhiteElo "2155"]
[BlackElo "1910"]
[PlyCount "205"]
[EventDate "2015.09.05"]
[EventType "team"]
[EventRounds "9"]
[EventCountry "GER"]
[SourceTitle "EXT 2017"]
[Source "ChessBase"]
[SourceDate "2016.10.25"]
[SourceVersion "1"]
[SourceVersionDate "2016.10.25"]
[SourceQuality "1"]
[WhiteTeam "Muenster SK II"]
[BlackTeam "Raesfeld Erle"]
[WhiteTeamCountry "GER"]
[BlackTeamCountry "GER"]

1. e4 c5 2. b3 b6 3. Bb2 Bb7 4. Nc3 Nc6 5. Nf3 e6 6. g3 Nge7 7. Bg2 Nd4 8. Nxd4 cxd4 9. Nb5 Nc6 10. Nxd4 Qf6 11. c3 Bc5 12. Nf3 Ba6 13. d4 Bf8 14. Qd2 Qg6 15. Ne5 Nxe5 16. dxe5 Bb7 17. 0-0-0 0-0-0 18. Qe2 Be7 19. c4 f6 20. Rhe1 Bb4 21. Rf1 fxe5 22. Bxe5 Ba3+ 23. Kb1 d6 24. Bc3 d5 25. cxd5 exd5 26. Qc2 Kb8 27. Be5+ Ka8 28. exd5 Qf7 29. Qe4 Rhe8 30. f4 Qh5 31. Rd3 Bd6 32. Re1 Bc8 33. Qd4 Qxh2 34. Be4 Ba6 35. Rc3 Bb7 36. Rd3 Bc5 37. Qb2 Qh5 38. Qg2 Bd6 39. Qf3 Qf7 40. Bc3 Re7 41. Be5 g6 42. Rdd1 Red7 43. Bc3 Rc7 44. Bb2 Rdc8 45. Rc1 Re8 46. Rxc7 Qxc7 47. Re2 Qf7 48. Be5 Qe7 49. Bd3 Rd8 50. Bb2 Qf7 51. Be4 Bb4 52. a3 Bd6 53. Ka2 Rd7 54. Rd2 Qe7 55. Qg2 Qe8 56. Re2 Qf7 57. Rd2 Qe8 58. Bd3 Re7 59. Re2 Qf7 60. Rxe7 Qxe7 61. Bb5 Kb8 62. Bc6 Bc8 63. Qf3 h5 64. Qc3 h4 65. gxh4 Qxh4 66. Qg7 Qxf4 67. Qxg6 Qf8 68. Qe4 Bf5 69. Qe2 Qc8 70. a4 Bg6 71. a5 Qf5 72. Qd1 bxa5 73. Bc3 Bb4 74. Bd4 Kc7 75. Qc1 Qc2+ 76. Qxc2 Bxc2 77. Bxa7 Bf5 78. Bd4 Bd6 79. Kb2 Bg3 80. Kc3 Bh3 81. Bg7 Bf1 82. Kd4 Bf2+ 83. Ke5 Be1 84. Ke6 Bh3+ 85. Ke7 Bb4+ 86. Ke8 Bf5 87. Kf7 Bd6 88. Bc3 Kb6 89. Bd4+ Kc7 90. Kf6 Bc2 91. Ba4 Bd1 92. Bc3 Kb6 93. Bd4+ Kc7 94. Be5 Bf3 95. Bc3 Kb6 96. Ke6 Kc5 97. Bxa5 Bxd5+ 98. Kd7 Bxb3 99. Bxb3 Bg3 100. Bc3 Bf2 101. Ke6 Be3 102. Ba2 Bg1 103. Bd5 1/2-1/2

[Event "Luxembourg-chT 1415"]
[Site "Luxembourg"]
[Date "2015.03.29"]
[Round "10"]
[White "Spartz, Guy"]
[Black "Bergemann, Martin"]
[Result "1/2-1/2"]
[WhiteElo "1922"]
[BlackElo "1890"]
[PlyCount "95"]
[EventDate "2014.10.05"]
[EventType "team-tourn"]
[EventRounds "10"]
[EventCountry "LUX"]
[SourceTitle "EXT 2017"]
[Source "ChessBase"]
[SourceDate "2016.10.25"]
[SourceVersion "1"]
[SourceVersionDate "2016.10.25"]
[SourceQuality "1"]

1. e4 c5 2. Nc3 a6 3. a4 e6 4. Bc4 Nc6 5. d3 Nf6 6. Nf3 d5 7. Bb3 dxe4 8. Nxe4 Nxe4 9. dxe4 Qxd1+ 10. Kxd1 b6 11. c3 Bb7 12. Bc2 f6 13. Be3 Bd6 14. Ke2 0-0-0 15. Nd2 Ne5 16. f3 a5 17. b3 Ba6+ 18. c4 Nc6 19. Rad1 Be5 20. f4 Bd4 21. Nf3 e5 22. f5 Bb7 23. g4 Rde8 24. Bd2 Bb2 25. Rhg1 Nd4+ 26. Nxd4 exd4 27. Kf3 Re7 28. Rg2 Rhe8 29. Re2 h5 30. Rg1 hxg4+ 31. Rxg4 Rh8 32. Bf4 Rh5 33. Kf2 Rh3 34. Bg3 Bc1 35. Bd3 Be3+ 36. Kg2 Rh5 37. Bf4 Bxe4+ 38. Bxe4 Rxe4 39. Kf3 Rxf4+ 40. Rxf4 Bxf4 41. Kxf4 Rh3 42. Re7 d3 43. Rxg7 Rxh2 44. Rg3 d2 45. Rd3 Kc7 46. Kg3 Re2 47. Kf3 Rh2 48. Kg3 1/2-1/2

[Event "Muensterland Regionalliga 1415"]
[Site "Germany"]
[Date "2014.12.13"]
[Round "4.4"]
[White "Hiller, Simon"]
[Black "Bergemann, Martin"]
[Result "1/2-1/2"]
[WhiteElo "2000"]
[BlackElo "1932"]
[PlyCount "42"]
[EventDate "2014.09.20"]
[EventType "team-tourn"]
[EventRounds "9"]
[EventCountry "GER"]
[SourceTitle "EXT 2016"]
[Source "ChessBase"]
[SourceDate "2015.10.08"]
[SourceVersion "1"]
[SourceVersionDate "2015.10.08"]
[SourceQuality "1"]
[WhiteTeam "Emsdetten Rochade"]
[BlackTeam "Raesfeld Erle"]
[WhiteTeamCountry "GER"]
[BlackTeamCountry "GER"]

1. Nf3 c5 2. c4 Nc6 3. d4 cxd4 4. Nxd4 g6 5. e4 Bg7 6. Be3 Nf6 7. Nc3 0-0 8. Be2 b6 9. 0-0 Bb7 10. f4 Nxd4 11. Bxd4 Rc8 12. b3 Qc7 13. Qd3 d6 14. Rae1 Rfd8 15. a4 Bh6 16. Nb5 Qb8 17. Bxf6 exf6 18. Rd1 d5 19. exd5 Bxf4 20. g3 Be5 21. Bg4 f5 1/2-1/2

[Event "Muensterland Regionalliga 1415"]
[Site "Germany"]
[Date "2014.10.25"]
[Round "2.4"]
[White "Langhanke, Guenther"]
[Black "Bergemann, Martin"]
[Result "1/2-1/2"]
[WhiteElo "2023"]
[BlackElo "1932"]
[PlyCount "110"]
[EventDate "2014.09.20"]
[EventType "team-tourn"]
[EventRounds "9"]
[EventCountry "GER"]
[SourceTitle "EXT 2016"]
[Source "ChessBase"]
[SourceDate "2015.10.08"]
[SourceVersion "1"]
[SourceVersionDate "2015.10.08"]
[SourceQuality "1"]
[WhiteTeam "Rheine Klein Berlin"]
[BlackTeam "Raesfeld Erle"]
[WhiteTeamCountry "GER"]
[BlackTeamCountry "GER"]

1. e4 c5 2. Nc3 a6 3. g3 b5 4. Bg2 Bb7 5. d3 g6 6. f4 Bg7 7. Nf3 d6 8. 0-0 Nd7 9. Qe1 b4 10. Nd1 Nh6 11. Nf2 f6 12. d4 e5 13. fxe5 dxe5 14. dxc5 a5 15. Qe3 Qe7 16. a3 Qxc5 17. axb4 Qxe3 18. Bxe3 axb4 19. Rxa8+ Bxa8 20. Ra1 0-0 21. Bd2 b3 22. cxb3 Rc8 23. Ne1 Nc5 24. Rc1 Bb7 25. Bf1 Nf7 26. b4 Nb3 27. Rxc8+ Bxc8 28. Be3 Bf8 29. Bc4 Nd4 30. Bxd4 exd4 31. Nc2 Kg7 32. Nxd4 Bxb4 33. Ne6+ Bxe6 34. Bxe6 Nd6 35. Kf1 Kf8 36. Ke2 Bc5 37. Bd5 Ke7 38. Nd3 Bd4 39. b3 Nb5 40. Kf3 Kd6 41. Bg8 h6 42. Bf7 g5 43. Nf2 Bxf2 44. Kxf2 Ke5 45. Kf3 h5 46. Bxh5 Nd4+ 47. Kg4 Nxb3 48. h4 gxh4 49. gxh4 Kxe4 50. Bg6+ Ke5 51. h5 f5+ 52. Kg5 Nd4 53. Bf7 Nf3+ 54. Kg6 Kf4 55. Be6 Ne5+ 1/2-1/2

[Event "Luxembourg-chT 1314"]
[Site "Luxembourg"]
[Date "2014.04.27"]
[Round "10"]
[White "Gnad, Gunnar"]
[Black "Bergemann, Martin"]
[Result "1/2-1/2"]
[WhiteElo "1818"]
[BlackElo "1890"]
[PlyCount "43"]
[EventDate "2013.10.05"]
[EventType "team-tourn"]
[EventRounds "10"]
[EventCountry "LUX"]
[SourceTitle "EXT 2017"]
[Source "ChessBase"]
[SourceDate "2016.10.25"]
[SourceVersion "1"]
[SourceVersionDate "2016.10.25"]
[SourceQuality "1"]

1. c4 Nf6 2. Nc3 b6 3. d4 Bb7 4. e3 d6 5. Nf3 g6 6. Be2 Bg7 7. 0-0 Nbd7 8. Qc2 0-0 9. Rd1 Rc8 10. b3 e6 11. Bb2 Qe7 12. Rac1 Rfd8 13. Ba3 c5 14. Qb1 Nb8 15. Bb2 Nc6 16. a3 cxd4 17. exd4 d5 18. cxd5 Nxd5 19. Nxd5 Rxd5 20. Bc4 Rdd8 21. b4 Qd6 22. d5 1/2-1/2

[Event "Muensterland Verbandsliga 1314"]
[Site "Germany"]
[Date "2014.02.01"]
[Round "6.5"]
[White "Bergemann, Martin"]
[Black "Raue, Thorsten"]
[Result "1-0"]
[WhiteElo "1900"]
[BlackElo "1781"]
[PlyCount "49"]
[EventDate "2013.09.07"]
[EventType "team-tourn"]
[EventRounds "9"]
[EventCountry "GER"]
[SourceTitle "EXT 2015"]
[Source "ChessBase"]
[SourceDate "2014.11.20"]
[SourceVersion "1"]
[SourceVersionDate "2014.11.20"]
[SourceQuality "1"]
[WhiteTeam "Raesfeld Erle"]
[BlackTeam "Steinfurt"]
[WhiteTeamCountry "GER"]
[BlackTeamCountry "GER"]

1. d4 Nf6 2. Bg5 c5 3. d5 Qb6 4. Nc3 d6 5. e4 g6 6. Rb1 Bg7 7. Be2 0-0 8. Qd2 Re8 9. Nf3 Nbd7 10. 0-0 a6 11. Rfe1 Qa5 12. a4 Nb6 13. Qd3 Ng4 14. h3 c4 15. Qd2 Ne5 16. Nd4 Ned7 17. Be3 Nc5 18. b4 cxb3 19. cxb3 Qb4 20. Rec1 e6 21. a5 Nbd7 22. Qd1 e5 23. Nc2 Qxc3 24. Bd2 Qxd2 25. Qxd2 1-0

[Event "Muensterland Verbandsliga 1314"]
[Site "Germany"]
[Date "2014.01.18"]
[Round "5.5"]
[White "Kaiser, Guenter"]
[Black "Bergemann, Martin"]
[Result "0-1"]
[WhiteElo "1643"]
[BlackElo "1900"]
[PlyCount "80"]
[EventDate "2013.09.07"]
[EventType "team-tourn"]
[EventRounds "9"]
[EventCountry "GER"]
[SourceTitle "EXT 2015"]
[Source "ChessBase"]
[SourceDate "2014.11.20"]
[SourceVersion "1"]
[SourceVersionDate "2014.11.20"]
[SourceQuality "1"]
[WhiteTeam "Ochtrup"]
[BlackTeam "Raesfeld Erle"]
[WhiteTeamCountry "GER"]
[BlackTeamCountry "GER"]

1. e4 c5 2. Nf3 Nc6 3. d4 cxd4 4. Nxd4 Nf6 5. Nc3 d6 6. Bg5 e6 7. Qd2 a6 8. f4 Bd7 9. Be2 h6 10. Bxf6 Qxf6 11. Nxc6 Bxc6 12. 0-0-0 0-0-0 13. Bf3 Qe7 14. f5 Qc7 15. g4 Be7 16. Qg2 b5 17. Ne2 Kb8 18. Nd4 Bd7 19. Rd3 Qb6 20. Rhd1 Rc8 21. Kb1 Rc4 22. c3 Rhc8 23. Nc2 a5 24. a3 R8c7 25. Qe2 Ra7 26. Qe3 Qc7 27. Qf4 Kc8 28. Qd2 Ra6 29. Ne3 Rc5 30. Rc1 Rac6 31. Qe1 b4 32. axb4 axb4 33. c4 Rb6 34. b3 Ra5 35. Kc2 Ra2+ 36. Kd1 Qc5 37. Rd2 Rba6 38. Qe2 Rxd2+ 39. Qxd2 Bg5 40. Ke2 Ra2 0-1

[Event "Muensterland Verbandsliga 1213"]
[Site "Germany"]
[Date "2012.10.27"]
[Round "2.5"]
[White "Tsoukkerman, Boris Z"]
[Black "Bergemann, Martin"]
[Result "1/2-1/2"]
[WhiteElo "1949"]
[BlackElo "1868"]
[PlyCount "32"]
[EventDate "2012.09.22"]
[EventType "team-tourn"]
[EventRounds "9"]
[EventCountry "GER"]
[SourceTitle "EXT 2015"]
[Source "ChessBase"]
[SourceDate "2014.11.20"]
[SourceVersion "1"]
[SourceVersionDate "2014.11.20"]
[SourceQuality "1"]
[WhiteTeam "Gronau"]
[BlackTeam "Raesfeld Erle"]
[WhiteTeamCountry "GER"]
[BlackTeamCountry "GER"]

1. d4 Nf6 2. Nf3 c5 3. e3 b6 4. Bd3 Bb7 5. Nbd2 g6 6. 0-0 Bg7 7. c4 cxd4 8. exd4 0-0 9. b3 d5 10. Bb2 Nc6 11. Re1 Rc8 12. Rc1 Nh5 13. cxd5 Nb4 14. Rxc8 Bxc8 15. Bc4 Nf4 16. Ne5 Nbxd5 1/2-1/2

[Event "Muensterland Verbandsliga 1112"]
[Site "Germany"]
[Date "2012.05.19"]
[Round "9.3"]
[White "Eiersbrock, Robin"]
[Black "Bergemann, Martin"]
[Result "1/2-1/2"]
[WhiteElo "1995"]
[BlackElo "1863"]
[PlyCount "40"]
[EventDate "2011.09.24"]
[EventType "team-tourn"]
[EventRounds "9"]
[EventCountry "GER"]
[SourceTitle "EXT 2013"]
[Source "ChessBase"]
[SourceDate "2012.11.22"]
[SourceVersion "1"]
[SourceVersionDate "2012.11.22"]
[SourceQuality "1"]
[WhiteTeam "Muenster III"]
[BlackTeam "Raesfeld Erle"]
[WhiteTeamCountry "GER"]
[BlackTeamCountry "GER"]

1. d4 Nf6 2. Nf3 c5 3. c3 b6 4. Bg5 Ne4 5. Bh4 Bb7 6. e3 h6 7. Bd3 g5 8. Bg3 Nxg3 9. hxg3 Bg7 10. Nbd2 d6 11. Qc2 Nd7 12. 0-0-0 Qc7 13. Nc4 0-0-0 14. Kb1 Kb8 15. Na3 a6 16. d5 b5 17. e4 c4 18. Be2 Nc5 19. Nd4 e6 20. Naxb5 axb5 1/2-1/2

[Event "Muensterland Verbandsliga 1112"]
[Site "Germany"]
[Date "2011.11.19"]
[Round "3.2"]
[White "Jacob, Helmut"]
[Black "Bergemann, Martin"]
[Result "1-0"]
[WhiteElo "2072"]
[BlackElo "1863"]
[PlyCount "77"]
[EventDate "2011.09.24"]
[EventType "team-tourn"]
[EventRounds "9"]
[EventCountry "GER"]
[SourceTitle "EXT 2013"]
[Source "ChessBase"]
[SourceDate "2012.11.22"]
[SourceVersion "1"]
[SourceVersionDate "2012.11.22"]
[SourceQuality "1"]
[WhiteTeam "Ochtrup"]
[BlackTeam "Raesfeld Erle"]
[WhiteTeamCountry "GER"]
[BlackTeamCountry "GER"]

1. e4 c5 2. c3 e5 3. Nf3 Nc6 4. Bc4 Qf6 5. Qe2 Bd6 6. a4 Nge7 7. Na3 a6 8. Nc2 Ng6 9. d3 Nf4 10. Bxf4 exf4 11. e5 Nxe5 12. d4 cxd4 13. cxd4 Qe7 14. dxe5 Bb4+ 15. Nxb4 Qxb4+ 16. Nd2 Qxb2 17. 0-0 0-0 18. Rfb1 Qc3 19. Rc1 Qb4 20. Nf3 h6 21. Qe4 Qa5 22. Bd3 g6 23. Qxf4 Kh7 24. Qf6 Qd8 25. Qxd8 Rxd8 26. Bc4 Kg7 27. Rd1 Rb8 28. a5 b5 29. axb6 Rxb6 30. Rd6 Rc6 31. Rxc6 dxc6 32. h3 Bb7 33. Ra2 Ra8 34. Ra5 g5 35. Nd4 Rd8 36. Nf5+ Kg6 37. Nd6 Rd7 38. Nxb7 Rxb7 39. Bd3+ 1-0

[Event "Muensterland Verbandsliga 1112"]
[Site "Germany"]
[Date "2011.09.24"]
[Round "1.3"]
[White "Bergemann, Martin"]
[Black "Darwisch, Khaled"]
[Result "1-0"]
[WhiteElo "1863"]
[BlackElo "2001"]
[PlyCount "105"]
[EventDate "2011.09.24"]
[EventType "team-tourn"]
[EventRounds "9"]
[EventCountry "GER"]
[SourceTitle "EXT 2013"]
[Source "ChessBase"]
[SourceDate "2012.11.22"]
[SourceVersion "1"]
[SourceVersionDate "2012.11.22"]
[SourceQuality "1"]
[WhiteTeam "Raesfeld Erle"]
[BlackTeam "Suedlohn"]
[WhiteTeamCountry "GER"]
[BlackTeamCountry "GER"]

1. d4 Nf6 2. Bg5 e6 3. Nf3 d5 4. c4 Be7 5. cxd5 exd5 6. Nc3 0-0 7. e3 c6 8. Bd3 Bg4 9. Qc2 h6 10. Bf4 Nbd7 11. Ne5 Nxe5 12. Bxe5 Nd7 13. Bf4 Bg5 14. Bd6 Re8 15. h3 Nb6 16. hxg4 Qxd6 17. 0-0-0 Nc4 18. Bxc4 dxc4 19. Ne4 Qe7 20. Nxg5 Qxg5 21. Qe2 b5 22. Rh5 Qg6 23. Rc5 Rac8 24. Rh1 Qe4 25. Qf3 Qe6 26. Re5 Qg6 27. Rhh5 f6 28. Rxe8+ Qxe8 29. Rc5 a6 30. Qf5 Rd8 31. Qf3 Rd6 32. Kc2 Qd8 33. Rxc6 Qd7 34. Rc5 Qe6 35. Qf5 Qxf5+ 36. gxf5 h5 37. Kc3 Kh7 38. Rc7 Kh6 39. f4 h4 40. e4 g5 41. fxg6 Kxg6 42. d5 a5 43. Kd4 Rd8 44. Rc6 Kf7 45. Rc7+ Kg6 46. e5 Kf5 47. Rf7 Kxf4 48. Rxf6+ Kg5 49. d6 b4 50. Rf7 Kg6 51. Rc7 Kf5 52. Kd5 a4 53. Rxc4 1-0

[Event "Muensterland Verbandsklasse-B 1011"]
[Site "Germany"]
[Date "2011.02.19"]
[Round "7.3"]
[White "Bergemann, Martin"]
[Black "Farwick, Christian"]
[Result "1/2-1/2"]
[WhiteElo "1879"]
[BlackElo "1833"]
[PlyCount "36"]
[EventDate "2010.09.18"]
[EventType "team-tourn"]
[EventRounds "9"]
[EventCountry "GER"]
[SourceTitle "EXT 2012"]
[Source "ChessBase"]
[SourceDate "2011.11.24"]
[SourceVersion "1"]
[SourceVersionDate "2011.11.24"]
[SourceQuality "1"]
[WhiteTeam "Raesfeld Erle"]
[BlackTeam "Borken"]
[WhiteTeamCountry "GER"]
[BlackTeamCountry "GER"]

1. d4 Nf6 2. Bg5 d5 3. Bxf6 gxf6 4. e3 Bf5 5. Nd2 e6 6. c4 c6 7. Ne2 Nd7 8. Ng3 Bg6 9. h4 h6 10. Qb3 Qb6 11. c5 Qxb3 12. axb3 Bg7 13. b4 e5 14. Nb3 0-0 15. Be2 a6 16. Kd2 e4 17. Bg4 Rfd8 18. Na5 Rab8 1/2-1/2